000 00325nam a2200133Ia 4500
005 20260326235453.0
008 260326s9999||||xx |||||||||||||| ||und||
100 _aKubach, Hans Erich
245 0 _aRomanesque Architecture /
_cHans Erich Kubach
260 _bRizzoli
300 _a223 p.
650 _aEDAD MEDIA
942 _cBK
999 _c7861
_d7861